| 000 | 00000nam##2200000za#4500 |
| 001 | 9.627634 |
| 003 | CaOODSP |
| 005 | 20220107111858 |
| 007 | ta |
| 008 | 150406|2007||||xxc||||| f|0| 0 fre|d |
| 020 | |a978-0-662-07447-2 |
| 022 | |a1481-4668 |
| 040 | |aCaOODSP|bfre |
| 043 | |an-cn--- |
| 086 | 1 |aHP24-6/2-2007F |
| 110 | 1 |aCanada.|bDivision du vieillissement et des aînés. |
| 245 | 10|aAides fonctionelles |
| 260 | |bAgence de santé publique du Canada. |cRév. 2007. |
| 300 | |a1 feuille pliée ([6]p.) : |btableau, photographies ; |c28 cm. |
| 490 | 1 |aInfo-aînés |x1481-4668 |
| 520 | 3 |aCe feuillet d’information fait partie d’une série qui offre aux aînés des renseignements sur la santé et des questions connexes qu’il faut aborder lorsqu’on vieillit. On y aborde notamment les sujets suivants : la maladie, notamment les maladies du cœur et le diabète; les changements physiques, comme la vue et la perte de l’ouïe; et les questions liées aux soins de santé, comme les aides fonctionnelles et les soins palliatifs. Chaque feuillet d’information renferme une section présentant des points d’information. |
| 563 | |aDépliant |
| 590 | |a08-05|b2008-02-01 |
| 691 | 07|aAide à la mobilité|2gcpds |
| 775 | 08|tAssistive devices |w(CaOODSP)9.618521 |
| 776 | 0#|tAides fonctionelles |w(CaOODSP)9.595314 |
| 830 | #0|aInfo-aînés,|x1481-4668|w(CaOODSP)9.513075 |